| 000 | 00385nam a22001577a 4500 | ||
|---|---|---|---|
| 005 | 20190330123002.0 | ||
| 008 | 190330b xxu||||| |||| 00| 0 eng d | ||
| 020 | _a978817409220 X | ||
| 041 | _aeng | ||
| 100 |
_aKadiyali,DR. L R _94923 |
||
| 245 | _aTraffic Engineering and Transport Planning | ||
| 250 | _a9 | ||
| 260 |
_aNew Delhi _bKhanna Publisher |
||
| 300 | _a860 | ||
| 942 | _cBK | ||
| 999 |
_c5796 _d5794 |
||